LEADER 00501nab a2200145 i 4500 001 000000309827 003 CaOOAMICUS 005 20180831173001.0 008 180831n xx uu u0 0und r 013 $a18922 040 $aSeMil$bita 100 1 $aRuffoni, Achille Giuseppe.$0(OLS)http://semarc/name/22822 245 13$aIl Patriottismo dei Liberali e dei Clericali. 773 0 $t[Gennaio-Giugno].$g151-161,495-504$w()273955 996 $6245$aIl Patriottismo dei Liberali e dei Clericali$9(OLS)http://semarc/title/384806 LEADER 01300nam a2200289 i 4500 001 000000041706 003 CaOOAMICUS 005 20120315000000.0 008 120315s1994 it u000 u ita u 013 $a12876 020 $a88-315-0884-9 040 $aSeMil$bita 100 1 $aColzani, Gianni,$d<1940- >.$0(OLS)http://semarc/name/3154 245 12$aI sacramenti parlano ancora :$bper celebrare la fede e la vita /$cGianni Colzani ; Presentazione di Bruno Maggioni. 260 $aMilano :$bEdizioni Paoline,$ccopyr. 1994. 300 $a98 p. ;$c24 cm. 490 0 $aEvangelizzazione oggi ;$v8 500 $aContiene : Piccola bibliografia. - In preliminari : Dono dell'Autore. 650 4$aSacramenti.$0(OLS)http://semarc/subject/124 700 1 $aMaggioni, Bruno,$d<1932-2020>.$0(OLS)http://semarc/name/4235 830 0$aEvangelizzazione oggi ;$v8.$0(OLS)http://semarc/title/9915 850 $aSeMil 852 $aSeMil$W1$xVenegono$y1$m2C IV 289$j7861$B7861$CSeMilBibl$Z2$F7861 $81 961 $aOmaggio: Colzani don Gianni 996 $6020$a88-315-0884-9$9(OLS)http://semarc/number/12632 996 $6245$aI sacramenti parlano ancora :$bper celebrare la fede e la vita$9(OLS)http://semarc/title/60508 996 $6260$aMilano :$bEdizioni Paoline$9(OLS)http://semarc/publisher/32841